Popular Icons of the 20th century - Statistics

General Stats
  • This quiz has been taken 42 times
  • The average score is 11 of 15
Answer Stats
Picture Answer % Correct
Mahatma Gandhi
95%
Mother Theresa
93%
Winston Churchill
90%
Joseph Stalin
85%
Michael Jordan
85%
Nelson Mandela
85%
John Lennon
83%
Che Guevara
78%
Diego Maradona
70%
Salvador Dali
65%
Charles de Gaulle
58%
Marlon Brando
55%
Ernest Hemingway
43%
John Wayne
43%
George Orwell
30%
No matching quizzes found
Score Distribution
Percent of People with Each Score
Percentile by Number Answered
Your Score History
You have not taken this quiz